000 00811nam a22002657a 4500
001 BR9603656
003 BR-BrBNA
005 20230928095022.0
007 ta
008 230509b bl.||||| |||| 00| 0 por d
040 _aBR-BrBNA
_bpor
_cBiblioteca Nacional de Agricultura
041 _a(Por)
072 _aE12
090 _ E12 BR9603656
100 1 _aNoronha, O.M.
110 1 _aPontificia Universidade Catolica, Sao Paulo, Sao Paulo (Brasil)
_0Tese (Doutor em Educacao)
_97842
245 1 _aDe camponesa a "madame" - Trabalho feminino e relacoes de saber no meio rural
260 3 _aSao Paulo, SP (Brasil):
_c1984.
300 _a278 p.
500 _aBibliography p. 271-278; Summary (Por)
650 _aCanavial
650 _aMulher Rural
909 _a202309
_bLucia
_c55
_dLucia Elande
942 _cBK
999 _c54031
_d54031